| 000 | 00533cam a2200205ua 4500 | ||
|---|---|---|---|
| 001 | 5566 | ||
| 008 | 131028n ii |||gr||||Z||||||eng | ||
| 020 | _a978-81-237-3766-9 | ||
| 040 | _cMAIN | ||
| 082 | _a305.4 | ||
| 245 |
_aWomen Pioneers _bIn India`s Renaissance |
||
| 260 |
_aNew Delhi: _bNational Book Trust, _c2009. |
||
| 300 | _axv,443p. | ||
| 653 | _aSociology | ||
| 653 | _aWomen Pioneers | ||
| 653 | _aIn India`s Renaissance | ||
| 700 |
_aNayar,Sushila., _eEditor. |
||
| 700 |
_aMankekar,Kamla., _eEditor., |
||
| 942 | _cBK | ||
| 999 |
_c4730 _d4730 |
||